All Mariokart 8 Deluxe Racers - Statistics

General Stats
  • This quiz has been taken 111 times
  • The average score is 35 of 47
Answer Stats
Debut MK Game Character % Correct
Super Mario Kart Mario
100%
Super Mario Kart Luigi
97%
Super Mario Kart Peach
97%
Super Mario Kart Bowser
95%
Double Dash Daisy
95%
Mario Kart 64 Wario
93%
Double Dash Waluigi
90%
Super Mario Kart Yoshi
89%
Mario Kart 64 Donkey Kong | DK
88%
Double Dash Diddy Kong
86%
Mario Kart Wii Baby Daisy
84%
Double Dash Baby Luigi
84%
Double Dash Baby Mario
84%
Mario Kart Wii Baby Peach
84%
Mario Kart Wii Rosalina
84%
Mario Kart Wii Funky Kong
82%
Mario Kart 7 Metal Mario | Gold Mario
82%
Super Mario Kart Koopa Troopa
79%
Mario Kart DS Shy Guy
79%
Super Mario Kart Toad
79%
Double Dash Bowser Jr
78%
Mario Kart Wii Dry Bowser
77%
Mario Kart 8 Deluxe Link
75%
Double Dash Birdo
74%
Mario Kart DS Dry Bones
73%
Double Dash Toadette
71%
Mario Kart 8 Baby Rosalina
68%
Mario Kart 8 Deluxe Inkling
68%
Double Dash King Boo
67%
Mario Kart 8 Roy
66%
Mario Kart 7 Wiggler
66%
Mario Kart 8 Larry
64%
Mario Kart 8 Lemmy
64%
Mario Kart 8 Pink Gold Peach
64%
Mario Kart 8 Deluxe Villager
64%
Mario Kart 8 Morton
63%
Mario Kart 8 Ludwig
62%
Mario Kart 8 Deluxe Pauline
62%
Mario Kart 8 Deluxe Cat Peach
60%
Mario Kart 8 Iggy
60%
Mario Kart 8 Deluxe Tanooki Mario
60%
Mario Kart 8 Wendy
58%
Mario Kart 7 Lakitu
56%
Mario Kart 8 Deluxe Kamek
55%
Double Dash Petey Piranha
55%
Mario Kart 8 Deluxe Isabelle
49%
Mario Kart 8 Deluxe Peachette
47%
No matching quizzes found
Score Distribution
Percent of People with Each Score
Percentile by Number Answered
Your Score History
You have not taken this quiz